| 000 | 00773nam a22001697a 4500 | ||
|---|---|---|---|
| 008 | 110914s2006 ua|||||r|||| 00| 0dara | ||
| 082 |
_222 _a020 _bع ل ي |
||
| 100 |
_927185 _aعلي ، نبيل |
||
| 245 |
_aتقانة المعلومات والثقافة : _bرؤية عربية / _cنبيل علي |
||
| 260 |
_aالقاهرة : _bدار العين للنشر، _c2006 |
||
| 300 |
_a460 ص : _bأيض ؛ _c24 سم |
||
| 504 | _aيشتمل على إرجاعات ببليوجرافية :ص461-475 | ||
| 650 |
_927186 _aالمعلومات ، علم |
||
| 650 |
_913400 _aالثقافة العربية |
||
| 942 |
_2ddc _cBB |
||
| 999 |
_c16030 _d16030 |
||